000 00576 a2200181 4500
020 _c120.00
035 _aB-84826
037 _bRP-L-155 / PANSY-04-05:18 / RP-04-05:ENG
082 1 4 _a647
090 _c2664
_d2664
100 1 _aAndrews, Sudhir
245 1 _aHotel housekeeping
_btraining manual
_cby Sudhir Andrews
260 _aNew Delhi
_bTata McGraw Hill Publishing
_c2004r
300 _ax, 136 p
_c25 cm (HB)
500 _aThis is reprint 2004
942 _adpl
_cEN
_k647 / AND
999 _c2619
_d2619